Normal view
MARC view
- A.C.Davies
Entry Personal Name
001 - CONTROL NUMBER
- control field: 54351
003 - CONTROL NUMBER IDENTIFIER
- control field: NUST
005 - DATE AND TIME OF LATEST TRANSACTION
- control field: 20210421115940.0
008 - FIXED-LENGTH DATA ELEMENTS
- fixed length control field: 210421|| aca||aabn | a|a d
040 ## - CATALOGING SOURCE
- Original cataloging agency: NUST
- Transcribing agency: NUST
100 ## - HEADING--PERSONAL NAME
- Personal name: A.C.Davies
670 ## - SOURCE DATA FOUND
- Source citation: Work cat.: (NUST): A.C.Davies, Welding 10th, 1963
